Giúp học sinh lớp 4 trải nghiệm lập dàn ý bài tập văn miêu tả cây cối bằng sơ đồ tư duy /
Đã lưu trong:
| Príomhúdar: | |
|---|---|
| Formáid: | Bài viết |
| Teanga: | Vietnamese |
| Ábhair: | |
| Clibeanna: |
Cuir Clib Leis
Gan Chlibeanna, Bí ar an gcéad duine leis an taifead seo a chlibeáil!
|
| Thư viện lưu trữ: | Thư viện Trường Đại học Đà Lạt |
|---|
| LEADER | 00787nam a2200253 4500 | ||
|---|---|---|---|
| 001 | DLU190190455 | ||
| 005 | ##20190411 | ||
| 040 | # | # | |a DLU |b vie |
| 041 | # | # | |a vie |
| 044 | # | # | |a vn |
| 100 | # | # | |a Nguyễn Thị Dung. |
| 245 | # | # | |a Giúp học sinh lớp 4 trải nghiệm lập dàn ý bài tập văn miêu tả cây cối bằng sơ đồ tư duy / |c Nguyễn Thị Dung. |
| 653 | # | # | |a Sơ đồ tư duy |
| 653 | # | # | |a Văn miêu tả |
| 773 | # | # | |t Tạp chí Giáo dục |g Số 410, 2017, tr. 37-39 |
| 920 | # | # | |a Phòng Tạp chí -- Trung tâm Thông tin - Thư viện Trường Đại học Đà Lạt |
| 994 | # | # | |a DLU |
| 900 | # | # | |a True |
| 911 | # | # | |a Trần Thị Minh Hương |
| 925 | # | # | |a G |
| 926 | # | # | |a A |
| 927 | # | # | |a BB |
| 980 | # | # | |a Thư viện Trường Đại học Đà Lạt |